000 00731nam a2200241Ia 4500
003 OSt
005 20220923220627.0
006 a|||||r|||| 00| 0
007 ta
008 220922b |||||||| |||| 00| 0 hin d
024 _a188,055
037 _cTextual
040 _aARTS
_cARTS
_bhin
041 _2hin
_ahin
082 _aV255v:7.C, 152M5
100 _aखेर, महेश्वरी दयाल
245 0 _aविदिशा
246 _aVidishā
260 _aभोपाल
_b मध्यप्रदेश अकादमी
_c1985
300 _a235 पृ.
_ccm.
942 _hV255v:7.C, 152M5
_cTEXL
_2CC
999 _c341131
_d341131